Hermeneutics and phenomenology in Paul Ricoeur : between text and phenomenon /

Bibliographic Details
Corporate Author: ProQuest (Firm)
Other Authors: Davidson, Scott, 1970- (Editor), Vallée, Marc-Antoine, 1982- (Editor)
Format: eBook
Language:English
Published: Switzerland : Springer, [2016]
Series:Contributions to hermeneutics ; volume 2.
Subjects:
Online Access:Connect to the full text of this electronic book

MARC

Tag First Indicator Second Indicator Subfields
LEADER 00000cam a2200000Ii 4500
001 in00004040746
006 m o d
007 cr |||||||||||
008 160808t20162016sz ob 000 0 eng d
005 20221130133208.1
020 |a 9783319334264  |q (ebook) 
020 |a 3319334263  |q (ebook) 
020 |z 9783319334240  |q (hardcover) 
020 |z 3319334247  |q (hardcover) 
024 8 |a 99988235582 
035 |a (NhCcYBP)ebc4585297 
035 |a in00004040746 
040 |a NhCcYBP  |c NhCcYBP  |d UtOrBLW 
050 4 |a B2430.R554  |b H47 2016 
072 7 |a B  |2 lcco 
072 7 |a PHI  |x 035000  |2 bisacsh 
072 7 |a PHI  |x 021000  |2 bisacsh 
082 0 4 |a 194  |2 23 
245 0 0 |a Hermeneutics and phenomenology in Paul Ricoeur :  |b between text and phenomenon /  |c Scott Davidson, Marc-Antoine Vallée, editors. 
264 1 |a Switzerland :  |b Springer,  |c [2016] 
264 4 |c ©2016 
300 |a 1 online resource. 
336 |a text  |b txt  |2 rdacontent 
337 |a computer  |b c  |2 rdamedia 
338 |a online resource  |b cr  |2 rdacarrier 
490 1 |a Contributions to hermeneutics ;  |v volume 2 
504 |a Includes bibliographical references. 
588 0 |a Print version record. 
505 0 |a Introduction -- Part I: From Existentialism and Phenomenology to Hermeneutics -- Chapter 1: Ricoeur's Early Approaches to the Ontological Question -- Chapter 2: Distanciation and Epoché: The Influence of Husserl on Ricoeur's Hermeneutics -- Chapter 3: Thinking the Flesh with Paul Ricoeur -- Part II: Hermeneutic Phenomenology of the Self -- Chapter 4: Identity and Selfhood: Paul Ricoeur's Contribution and its Continuations -- Chapter 5: For a Genealogy of Ipseity -- Chapter 6: The World of Life and the World of the Text: Two Contradictory Paradigms? -- Part III: Hermeneutic Phenomenology of Tradition, Memory and History -- Chapter 7: Word, Writing, Tradition -- Chapter 8: Involuntary Memory and Apprenticeship to the Truth: Ricoeur re-reads Proust -- Chapter 9: Memory, Space, Oblivion -- Chapter 10: What Kind of Past is the Referent of Historical Narratives? Ricoeur's Critique of Heidegger -- Part IV: Challenges and Future Directions for a Hermeneutic Phenomenology -- Chapter 11: The Conflict of Hermeneutics -- Chapter 12: Intersectional Hermeneutics -- Chapter 13: Hermeneutics and Truth: From Alētheia to Attestation -- Chapter 14: Constructing Ricoeur's Hermeneutical Theory of Truth. 
500 |a Electronic resource. 
600 1 0 |a Ricœur, Paul  |x Criticism and interpretation. 
650 0 |a Hermeneutics.  |0 http://id.loc.gov/authorities/subjects/sh85060402 
650 0 |a Phenomenology.  |0 http://id.loc.gov/authorities/subjects/sh85100683 
655 7 |a Electronic books.  |2 local 
700 1 |a Davidson, Scott,  |d 1970-  |e editor.  |0 http://id.loc.gov/authorities/names/n2010026982 
700 1 |a Vallée, Marc-Antoine,  |d 1982-  |e editor.  |0 http://id.loc.gov/authorities/names/n2011047492 
710 2 |a ProQuest (Firm)  |0 http://id.loc.gov/authorities/names/n2007068018 
776 1 8 |i Print version:  |t Hermeneutics and phenomenology in Paul Ricoeur.  |d Switzerland : Springer, [2016]  |z 9783319334240  |w (DLC) 2016945251 
830 0 |a Contributions to hermeneutics ;  |v volume 2.  |0 http://id.loc.gov/authorities/names/no2016086062 
856 4 0 |u https://ebookcentral.proquest.com/lib/tamucs/detail.action?docID=4585297  |z Connect to the full text of this electronic book  |t 0 
945 |b 2811 
955 |a YBP purchased DDA e-records 
980 |b ebook  |c 99988235582  |g 565701  |k USD  |m 218.00  |q 1  |s AcqMono Conventional  |t Demand driven acquisitions (DDA)  |u Vendor order reference number  |v ZYBP  |y PDA  |z Electronic resource 
987 |a ybp13069409 
999 f f |s f6d68e60-23fb-473a-b528-50c1ea09e218  |i a6a50f88-0c5f-3194-8e27-83327d910e78  |t 0 
952 f f |a Texas A&M University  |b College Station  |c Electronic Resources  |d Available Online  |t 0  |e B2430.R554 H47 2016  |h Library of Congress classification 
998 f f |a B2430.R554 H47 2016  |t 0  |l Available Online